Kenian naapurimaat - Statistics

Yleistilastot
  • Tätä visaa on pelattu 1 366 kertaa
  • Keskiarvotulos 5 / 5
Vastaukset kartalla
Vastauksille on annettu kartalla punavihreä väri sen mukaan, kuinka moni on saanut sen oikein.
 
Vastaustilastot
Valtio % Oikein
Etiopia
98%
Somalia
96%
Tansania
92%
Etelä-Sudan
89%
Uganda
88%
Ehtoja vastaavia visoja ei löytynyt
Tulosjakauma
Jokaisen tuloksen saaneiden osuus
Persentiili vastausten määrän mukaan
Tuloshistoriasi
Et ole pelannut tätä visaa